Państwa z literą Ż w nazwie - Statystyki

Ogólne statystyki
  • Ten quiz został rozwiązany 59 razy
  • Średni wynik to 5 z 7
Statystyki odpowiedzi
Kontynent Państwo % Poprawnych
Oceania Fidżi
83%
Azja Tadżykistan
83%
Afryka Dżibuti
81%
Azja Kambodża
81%
Azja Azerbejdżan
75%
Afryka Wybrzeże Kości Słoniowej
62%
Afryka Wyspy Świętego Tomasza i Książęca
62%
Nie znaleziono quizów pasujących do podanych kryteriów
Rozkład punktacji
Procent ludzi z każdym wynikiem
Percentyl według liczby udzielonych odpowiedzi
Twoja historia wyników
Nie rozwiązałeś tego quizu